000 00357nam a2200097Ia 4500
008 180130s9999 xx 000 0 und d
245 _cSeigneur, Jean-Marc
_aOnline e-reputation management services
260 _c2013
300 _aBook title: Computer and information security handbook--Acession number C20545; pages 1053-1072
650 _aINFORMATION SECURITY
999 _c354188
_d354188